Hỏi đáp về luật đất đai

Sparad:
Bibliografiska uppgifter
Huvudupphovsman: Nguyễn Thị Mai
Materialtyp: Bok
Språk:Undetermined
Publicerad: H. Nông Nghiệp 2002
Taggar: Lägg till en tagg
Inga taggar, Lägg till första taggen!
Thư viện lưu trữ: Trung tâm Học liệu Trường Đại học Cần Thơ
LEADER 00497nam a2200169Ia 4500
001 CTU_52369
008 210402s9999 xx 000 0 und d
020 |b 15000 
082 |a 346.597'0438 
082 |b M103 
100 |a Nguyễn Thị Mai 
245 0 |a Hỏi đáp về luật đất đai 
245 0 |c Nguyễn Thị Mai và Đặng Trường Sơn 
260 |a H. 
260 |b Nông Nghiệp 
260 |c 2002 
980 |a Trung tâm Học liệu Trường Đại học Cần Thơ